Φύλο και σχολική πράξη : συλλογή εισηγήσεων

Αποθηκεύτηκε σε:
Λεπτομέρειες βιβλιογραφικής εγγραφής
Άλλοι συγγραφείς: Δεληγιάννη-Κουϊμτζή, Βασιλική (Επιμελητής έκδοσης), Ζιώγου-Καραστεργίου, Σιδηρούλα (Επιμελητής έκδοσης)
Μορφή: Βιβλίο
Γλώσσα:Greek
Δημοσίευση: Θεσσαλονίκη : Βάνιας, 1997
Θέματα:
Ετικέτες: Προσθήκη ετικέτας
Δεν υπάρχουν, Καταχωρήστε ετικέτα πρώτοι!

MARC

LEADER 00000nam a2200000 i 4500
001 1/36997
008 061108s1997 gre d
020 |a 960-288-046-5 
035 |l 10085964 
040 |a GR-MY-UA  |b gre  |e aacr 
041 0 |a gre 
082 0 |a 379.26  |2 (22) 
245 1 0 |a Φύλο και σχολική πράξη :  |b συλλογή εισηγήσεων /  |c επιμέλεια: Β. Δεληγιάννη και Σ. Ζιώγου 
260 |a Θεσσαλονίκη :   |b Βάνιας,   |c 1997 
300 |a 729 σ.;  |c 21 εκ. 
650 0 0 |a Sex discrimination in education. 
650 0 0 |a Discrimination in education  |z Greece. 
650 0 0 |a Educational equalization  |z Greece. 
700 1 |a Δεληγιάννη-Κουϊμτζή, Βασιλική.  |4 edt 
700 1 |a Ζιώγου-Καραστεργίου, Σιδηρούλα.  |4 edt 
852 |a INST  |b LESVOS  |e 20090428  |h 379.26 ΦΥΛ  |p 005100044807  |q 005100044807  |t BK  |y 0 
852 |a INST  |b LESVOS  |e 20090428  |h 379.26 ΦΥΛ  |p 005100044808  |q 005100044808  |t BK  |y 0 
852 |a INST  |b RHODES  |e 20061108  |h 379.26 ΦΥΛ  |p 005400023954  |q 005400023954  |t BK  |y 0 
901 |a BIBL4-2006-3 
901 |a BIBL1-2009-1 
909 |a Ρ  |b 127160 
909 |a Λ  |b 141294 
909 |a Λ  |b 141295 
920 |a ΚΕΝΤΡΙΚΗ ΔΡΑΣΗ ΦΥΛΟΥ  |b ΕΠΕΑΕΚ ΙΙ-ΤΕΠΑΕΣ  |y ΡΟΔΟΣ  |z 2006-10 
920 |a ΕΛΛΗΝΙΚΟΣ ΟΡΓΑΝΙΣΜΟΣ ΤΟΥΡΙΣΜΟΥ  |y ΛΕΣΒΟΣ  |z 2009-04 
970 |a ΚΟΖΑ  |b ΜΑΡΙΑ  |z 2006/11/08